[Event "Ottawa RA Fall op"]
[Site "Ottawa"]
[Date "2013.09.14"]
[Round "2"]
[White "Gelblum, Robert"]
[Black "Wan, Kevin"]
[Result "1/2-1/2"]
[WhiteElo "2245"]
[BlackElo "2027"]
[PlyCount "112"]
[EventDate "2013.09.13"]
[EventType "swiss"]
[EventRounds "5"]
[EventCountry "CAN"]
[SourceTitle "EXT 2022"]
[Source "ChessBase"]
[SourceDate "2021.10.06"]
[SourceVersion "1"]
[SourceVersionDate "2021.10.06"]
[SourceQuality "1"]

1. Nf3 d5 2. g3 Nf6 3. Bg2 g6 4. 0-0 Bg7 5. d4 0-0 6. c4 c6 7. b3 dxc4 8. bxc4 Nbd7 9. Nbd2 e5 10. e3 exd4 11. exd4 Nb6 12. Bb2 Bf5 13. Qb3 Qc7 14. a4 Ne4 15. a5 Nd7 16. Rfd1 Nxd2 17. Nxd2 Rad8 18. a6 b6 19. Ne4 Bxe4 20. Bxe4 c5 21. Bd5 cxd4 22. Bxd4 Bxd4 23. Rxd4 Nc5 24. Qf3 Kg7 25. h4 Qe5 26. Rdd1 Qf6 27. Kg2 Qxf3+ 28. Kxf3 Rd6 29. Re1 Rfd8 30. Ra3 R6d7 31. Kg2 Kf8 32. Ree3 Re7 33. Rf3 Kg7 34. g4 f6 35. Rf4 Rd6 36. Kf1 Re5 37. Rff3 Rd8 38. Kg2 Rde8 39. Rf4 Rd8 40. Kg3 h6 41. Rff3 Ne4+ 42. Kg2 Nc5 43. Ra2 g5 44. hxg5 hxg5 45. Raa3 Ne6 46. Bxe6 Rxe6 47. Rfd3 Rxd3 48. Rxd3 Re7 49. Rd8 Rc7 50. Rb8 Rxc4 51. Rb7+ Kg6 52. Kg3 Rc3+ 53. f3 Ra3 54. Rxa7 b5 55. Rb7 Rxa6 56. Rxb5 Rc6 1/2-1/2

[Event "Toronto NAYCC U12"]
[Site "Toronto"]
[Date "2013.08.18"]
[Round "8"]
[White "Corvera Choi, Malik"]
[Black "Wan, Kevin"]
[Result "0-1"]
[WhiteElo "1539"]
[BlackElo "2133"]
[PlyCount "88"]
[EventDate "2013.08.14"]
[EventType "swiss"]
[EventRounds "9"]
[EventCountry "CAN"]
[SourceTitle "EXT 2022"]
[Source "ChessBase"]
[SourceDate "2021.10.06"]
[SourceVersion "1"]
[SourceVersionDate "2021.10.06"]
[SourceQuality "1"]

1. c4 e5 2. Nc3 d6 3. Nf3 Be6 4. d3 c5 5. g3 Nc6 6. Ng5 Bd7 7. Bg2 h6 8. Nf3 g6 9. 0-0 Bg7 10. a3 Nge7 11. Rb1 a5 12. Ne4 Be6 13. Bd2 f5 14. Nc3 0-0 15. e4 Qd7 16. Nd5 fxe4 17. dxe4 Bg4 18. Bc3 Nxd5 19. cxd5 Nd4 20. Bxd4 exd4 21. b4 axb4 22. axb4 Ra3 23. Rb3 Qa4 24. Rd3 Qxd1 25. Rfxd1 Rxd3 26. Rxd3 c4 27. Ra3 Bxf3 28. Bxf3 Rxf3 29. Rxf3 c3 30. e5 c2 31. e6 c1Q+ 32. Kg2 Qe1 33. Rf7 Qe4+ 34. Kh3 Qxd5 35. Re7 Bf8 36. Re8 Kg7 37. e7 Qe6+ 38. g4 Bxe7 39. f3 Qe1 40. g5 Qf1+ 41. Kg4 Qg1+ 42. Kf4 Qe3+ 43. Kg4 h5+ 44. Kh4 Bxg5+ 0-1

[Event "Toronto NAYCC U12"]
[Site "Toronto"]
[Date "2013.08.18"]
[Round "9"]
[White "Wan, Kevin"]
[Black "Wang, Dinny"]
[Result "1-0"]
[WhiteElo "2133"]
[BlackElo "1670"]
[PlyCount "45"]
[EventDate "2013.08.14"]
[EventType "swiss"]
[EventRounds "9"]
[EventCountry "CAN"]
[SourceTitle "EXT 2022"]
[Source "ChessBase"]
[SourceDate "2021.10.06"]
[SourceVersion "1"]
[SourceVersionDate "2021.10.06"]
[SourceQuality "1"]

1. e4 e5 2. Nf3 f5 3. d3 d6 4. c4 Nf6 5. Nc3 Nc6 6. g3 fxe4 7. dxe4 Be6 8. b3 Be7 9. Bg2 Qd7 10. Ng5 Nd4 11. Nxe6 Nxe6 12. Be3 c6 13. h3 h5 14. Qd2 h4 15. 0-0-0 0-0-0 16. f4 hxg3 17. f5 Nd4 18. Bxd4 exd4 19. Qxd4 Nh5 20. Qxa7 Bf6 21. e5 Bxe5 22. Qa8+ Kc7 23. Nb5+ 1-0

[Event "Toronto NAYCC U12"]
[Site "Toronto"]
[Date "2013.08.17"]
[Round "7"]
[White "Wan, Kevin"]
[Black "Zhu, Jeffrey Xin Yu"]
[Result "0-1"]
[WhiteElo "2133"]
[BlackElo "1574"]
[PlyCount "56"]
[EventDate "2013.08.14"]
[EventType "swiss"]
[EventRounds "9"]
[EventCountry "CAN"]
[SourceTitle "EXT 2022"]
[Source "ChessBase"]
[SourceDate "2021.10.06"]
[SourceVersion "1"]
[SourceVersionDate "2021.10.06"]
[SourceQuality "1"]

1. e4 e5 2. Nf3 Nc6 3. Bb5 Bc5 4. 0-0 Nf6 5. d3 d6 6. c3 0-0 7. Bg5 Bg4 8. h3 Bh5 9. Nbd2 a6 10. Bxc6 bxc6 11. Qa4 Qd7 12. Rae1 Kh8 13. d4 exd4 14. cxd4 Bb6 15. Bxf6 gxf6 16. Rc1 Rg8 17. Kh2 Qe7 18. Rxc6 Rg7 19. Rc3 d5 20. e5 f5 21. Rg1 Rag8 22. Qc6 Bxd4 23. Qxc7 Qxc7 24. Rxc7 Bxf2 25. Rf1 Rxg2+ 26. Kh1 Be3 27. Nh4 Rxd2 28. Nxf5 Bf3+ 0-1

[Event "Quebec-ch op"]
[Site "Montreal"]
[Date "2013.07.21"]
[Round "2"]
[White "Wan, Kevin"]
[Black "Kraiouchkine, Nikita"]
[Result "0-1"]
[WhiteElo "2006"]
[BlackElo "2234"]
[PlyCount "100"]
[EventDate "2013.07.21"]
[EventType "swiss"]
[EventRounds "9"]
[EventCountry "CAN"]
[SourceTitle "EXT 2014"]
[Source "ChessBase"]
[SourceDate "2013.11.20"]
[SourceVersion "1"]
[SourceVersionDate "2013.11.20"]
[SourceQuality "1"]

1. e4 e5 2. Nf3 Nc6 3. Bb5 f5 4. d3 fxe4 5. dxe4 Nf6 6. 0-0 Bc5 7. Nc3 d6 8. Bg5 0-0 9. Bc4+ Kh8 10. Nd5 Bg4 11. Nxf6 gxf6 12. Bh6 Rg8 13. Bxg8 Qxg8 14. Qd3 Qg6 15. Bd2 Rg8 16. Rae1 Nd4 17. Nxd4 Be2 18. Qg3 Bxf1 19. Qxg6 Rxg6 20. Kxf1 Bxd4 21. c3 Bb6 22. g3 Kg8 23. f4 Kf7 24. f5 Rg8 25. c4 h5 26. Bc3 Bd4 27. Kg2 Bxc3 28. bxc3 Ke7 29. Kf3 Kd7 30. Ke3 Kc6 31. Kd3 h4 32. Rg1 hxg3 33. Rxg3 Rh8 34. h3 Rh4 35. Rf3 a5 36. Rg3 a4 37. a3 Kc5 38. Rf3 c6 39. Rg3 d5 40. cxd5 cxd5 41. exd5 Kxd5 42. Rg6 e4+ 43. Kd2 Ke5 44. Rg7 Rxh3 45. Rxb7 Rd3+ 46. Kc2 Kxf5 47. Rb5+ Kf4 48. c4 Rd8 49. c5 e3 50. Rb1 e2 0-1

[Event "Gatineau op"]
[Site "Gatineau"]
[Date "2013.03.02"]
[Round "2"]
[White "Desjardins, Michel"]
[Black "Wan, Kevin"]
[Result "0-1"]
[WhiteElo "1987"]
[BlackElo "2162"]
[PlyCount "77"]
[EventDate "2013.03.01"]
[EventType "swiss"]
[EventRounds "5"]
[EventCountry "CAN"]
[SourceTitle "EXT 2022"]
[Source "ChessBase"]
[SourceDate "2021.10.06"]
[SourceVersion "1"]
[SourceVersionDate "2021.10.06"]
[SourceQuality "1"]

1. e4 e6 2. d4 d5 3. e5 c5 4. c3 Nc6 5. Nf3 Qb6 6. a3 Nh6 7. b4 cxb4 8. cxb4 Nf5 9. Be3 Be7 10. Bd3 Nxe3 11. fxe3 f6 12. exf6 Bxf6 13. Nc3 0-0 14. 0-0 a6 15. Kh1 Bd7 16. Rc1 Be8 17. Na4 Qc7 18. Nc5 Qe7 19. Qe2 e5 20. dxe5 Bxe5 21. Nxe5 Rxf1+ 22. Rxf1 Nxe5 23. Bb1 Bb5 24. Qc2 g6 25. Re1 b6 26. Nb3 Nd3 27. Qd2 Nxe1 28. Qxd5+ Kg7 29. Qxa8 Qf6 30. Qb7+ Kh6 31. Nd2 Bc6 32. Qc7 Nxg2 33. e4 Qg5 34. Qxc6 Qxd2 35. h3 Nf4 36. Qc2 Qe1+ 37. Kh2 Ne2 38. Kg2 Qg1+ 39. Kf3 0-1

[Event "Gatineau op"]
[Site "Gatineau"]
[Date "2013.03.02"]
[Round "3"]
[White "Wan, Kevin"]
[Black "Zhou, Qiyu"]
[Result "0-1"]
[WhiteElo "2162"]
[BlackElo "2130"]
[PlyCount "112"]
[EventDate "2013.03.01"]
[EventType "swiss"]
[EventRounds "5"]
[EventCountry "CAN"]
[SourceTitle "EXT 2022"]
[Source "ChessBase"]
[SourceDate "2021.10.06"]
[SourceVersion "1"]
[SourceVersionDate "2021.10.06"]
[SourceQuality "1"]

1. e4 e5 2. Nf3 Nc6 3. Bb5 a6 4. Bxc6 dxc6 5. 0-0 Bg4 6. h3 h5 7. d3 Qf6 8. Nbd2 Ne7 9. c3 Ng6 10. d4 Nf4 11. Kh2 0-0-0 12. Qb3 Be6 13. Qc2 g5 14. dxe5 Qg7 15. Nb3 Bxb3 16. axb3 Ne6 17. Be3 g4 18. Ng1 Qxe5+ 19. Kh1 Bh6 20. Bxh6 Rxh6 21. Rad1 Rg8 22. Qd2 Rf6 23. f3 gxh3 24. Nxh3 Nf4 25. Qd7+ Kb8 26. Qd4 Qxd4 27. cxd4 Nxh3 28. gxh3 Rg3 29. Rd3 Rfg6 30. Rd2 Rxh3+ 31. Rh2 Rhg3 32. Rxh5 Rg2 33. Rh2 R2g3 34. Rh5 Rf6 35. f4 Rg4 36. Rh3 Rgxf4 37. Rxf4 Rxf4 38. Re3 Rf2 39. e5 Kc8 40. Kg1 Rxb2 41. Rf3 Kd8 42. Rxf7 Rxb3 43. Rf8+ Ke7 44. Rc8 Kd7 45. Rg8 a5 46. Rg7+ Ke6 47. Rxc7 a4 48. Rc8 Rb4 49. Rd8 a3 50. Re8+ Kd7 51. Ra8 Rxd4 52. Rxa3 Ke6 53. Re3 Rd5 54. Rb3 b5 55. Rc3 c5 56. Kf2 Rxe5 0-1

[Event "Ottawa RA Spring op"]
[Site "Ottawa"]
[Date "2013.02.16"]
[Round "3"]
[White "Wan, Kevin"]
[Black "Gordon, David"]
[Result "0-1"]
[WhiteElo "2162"]
[BlackElo "2287"]
[PlyCount "96"]
[EventDate "2013.02.15"]
[EventType "swiss"]
[EventRounds "5"]
[EventCountry "CAN"]
[SourceTitle "EXT 2022"]
[Source "ChessBase"]
[SourceDate "2021.10.06"]
[SourceVersion "1"]
[SourceVersionDate "2021.10.06"]
[SourceQuality "1"]

1. e4 c5 2. Nf3 Nc6 3. d4 cxd4 4. Nxd4 Nf6 5. Nc3 e5 6. Ndb5 d6 7. Bg5 a6 8. Na3 b5 9. Nd5 Be7 10. Bxf6 Bxf6 11. c3 Rb8 12. Nc2 a5 13. Be2 Bg5 14. Nce3 0-0 15. Bd3 Be6 16. 0-0 Qd7 17. Qe2 Bxe3 18. Nxe3 Ne7 19. Rfd1 g6 20. Bc2 b4 21. c4 Rfc8 22. Nd5 Bxd5 23. cxd5 Rc5 24. Bd3 Rbc8 25. Qd2 Kg7 26. f4 f6 27. Rf1 Qa7 28. Kh1 Ng8 29. Rf3 Qc7 30. Raf1 Rc1 31. h4 Rxf1+ 32. Rxf1 h6 33. Qf2 Qc5 34. Qf3 Qd4 35. h5 exf4 36. hxg6 Qe3 37. Qxe3 fxe3 38. Re1 Ne7 39. Rxe3 Nxg6 40. Bb5 Ne5 41. Rg3+ Kf7 42. a3 Rc2 43. Rb3 Ng4 44. Kg1 a4 45. Rg3 Rxb2 46. axb4 h5 47. Kf1 Rxb4 48. Bc6 Rb3 0-1

[Event "Montreal Elite POM"]
[Site "Montreal"]
[Date "2012.10.07"]
[Round "5.6"]
[White "Wan, Kevin"]
[Black "Lopez Linares, Lizandro Fernando"]
[Result "1-0"]
[WhiteElo "1828"]
[BlackElo "2096"]
[PlyCount "115"]
[EventDate "2012.10.05"]
[EventType "swiss"]
[EventRounds "7"]
[EventCountry "CAN"]
[SourceTitle "EXT 2022"]
[Source "ChessBase"]
[SourceDate "2021.10.06"]
[SourceVersion "1"]
[SourceVersionDate "2021.10.06"]
[SourceQuality "1"]

1. e4 c6 2. d4 d5 3. e5 Bf5 4. Bd3 Bxd3 5. Qxd3 e6 6. c3 c5 7. Nf3 Nc6 8. 0-0 Nh6 9. Be3 Qb6 10. b3 Rc8 11. Nbd2 cxd4 12. cxd4 Ba3 13. Bxh6 gxh6 14. Rab1 Bf8 15. Rfc1 Bg7 16. Nf1 0-0 17. Ng3 f6 18. exf6 Bxf6 19. Ne2 Bg7 20. Qe3 Rce8 21. Rd1 e5 22. dxe5 Qxe3 23. fxe3 Nxe5 24. Nxe5 Rxe5 25. Rd3 Rfe8 26. Kf2 Rc8 27. Rbd1 Rf5+ 28. Nf4 d4 29. g3 dxe3+ 30. Kxe3 Re8+ 31. Kf3 Rfe5 32. Rd8 Kf7 33. Rxe8 Kxe8 34. Rd2 Ke7 35. Re2 Kd6 36. Rxe5 Bxe5 37. Ke4 b5 38. Ne2 Bb2 39. Nd4 Kc5 40. Nc2 a5 41. Kd3 Be5 42. Ne3 Kb4 43. Nc2+ Kc5 44. Ke4 Bb2 45. h4 a4 46. g4 Bg7 47. h5 Bc3 48. Kd3 Bg7 49. Ne3 Kb4 50. bxa4 Kxa4 51. Nc2 b4 52. Kc4 Bf8 53. Kd5 Kb5 54. Ke6 Kc4 55. Kf7 Bd6 56. Ne3+ Kc3 57. Kg7 Be5+ 58. Kxh7 1-0